5 Longest Country Names by Continent - Statistics

General Stats
  • This quiz has been taken 2,428 times
  • The average score is 25 of 30
Answer Stats
Letters Country % Correct
Africa 28 Democratic Republic of the Congo
95%
South America 9 Argentina
93%
South America 9 Venezuela
91%
South America 8 Colombia
89%
Oceania 27 Federated States of Micronesia
89%
South America 8 Paraguay
89%
Africa 18 Republic of the Congo
89%
Europe 13 United Kingdom
88%
North America 17 Dominican Republic
87%
Oceania 10 New Zealand
86%
North America 18 Saint Kitts and Nevis
86%
North America 28 Saint Vincent and the Grenadines
86%
Oceania 15 Marshall Islands
85%
Oceania 14 Papua New Guinea
85%
Oceania 14 Solomon Islands
85%
South America 8 Suriname
85%
North America 17 Trinidad and Tobago
84%
North America 17 Antigua and Barbuda
83%
Africa 22 Central African Republic
83%
Europe 20 Bosnia and Herzegovina
81%
Europe 13 Liechtenstein
80%
Asia 18 United Arab Emirates
79%
Asia 11 Saudi Arabia
78%
Asia 12 Turkmenistan
76%
Europe 14 North Macedonia
75%
Africa 18 São Tomé and Príncipe
72%
Asia 11 Afghanistan
69%
Europe 13 Czech Republic
66%
Asia 11 Philippines
65%
Africa 16 Equatorial Guinea
63%
No matching quizzes found
Score Distribution
Percent of People with Each Score
Percentile by Number Answered
Your Score History
You have not taken this quiz